[Event "Reykjavik op"]
[Site "Reykjavik"]
[Date "2017.04.27"]
[Round "10"]
[White "Meyer, Juergen"]
[Black "Lemery, Jon Thor"]
[Result "0-1"]
[WhiteElo "1944"]
[BlackElo "1708"]
[PlyCount "42"]
[EventDate "2017.04.19"]
[EventType "swiss"]
[EventRounds "10"]
[EventCountry "ISL"]
[SourceTitle "CBM 178 Extra"]
[Source "ChessBase"]
[SourceDate "2017.06.22"]
[SourceVersion "1"]
[SourceVersionDate "2017.06.22"]
[SourceQuality "1"]

1. e4 e5 2. Nc3 Nc6 3. g3 d6 4. Bg2 Nf6 5. h3 g6 6. Nge2 Bg7 7. 0-0 0-0 8. f4 Re8 9. d3 exf4 10. Bxf4 Be6 11. g4 Nd7 12. Qd2 Nd4 13. Bg5 Nxe2+ 14. Nxe2 Qc8 15. c3 Ne5 16. Nd4 c5 17. Nxe6 Qxe6 18. b3 Nc6 19. Rae1 Qe5 20. Rc1 a5 21. Qf2 Qxg5 0-1

[Event "Gardabaer Skakthing op"]
[Site "Gardabaer"]
[Date "2016.10.31"]
[Round "3"]
[White "Lemery, Jon Thor"]
[Black "Johannsson, Birkir Isak"]
[Result "1-0"]
[WhiteElo "1591"]
[BlackElo "1473"]
[PlyCount "55"]
[EventDate "2016.10.17"]
[EventType "swiss"]
[EventRounds "7"]
[EventCountry "ISL"]
[SourceTitle "EXT 2018"]
[Source "ChessBase"]
[SourceDate "2017.10.13"]
[SourceVersion "1"]
[SourceVersionDate "2017.10.13"]
[SourceQuality "1"]

1. e4 c5 2. Nf3 d6 3. d4 cxd4 4. Nxd4 Nf6 5. Nc3 a6 6. Bg5 Nbd7 7. f4 h6 8. Bh4 g6 9. Qd2 Bg7 10. 0-0-0 0-0 11. h3 e5 12. fxe5 Nxe5 13. Nf3 Be6 14. Qxd6 Qxd6 15. Rxd6 Nxf3 16. gxf3 Rfd8 17. Rxd8+ Rxd8 18. e5 g5 19. exf6 Bxf6 20. Be1 Bd5 21. Nxd5 Rxd5 22. Bd3 b5 23. Bc3 Bxc3 24. bxc3 Rd6 25. h4 gxh4 26. Rxh4 Kg7 27. c4 bxc4 28. Rxc4 1-0

[Event "Reykjavik op"]
[Site "Reykjavik"]
[Date "2016.03.12"]
[Round "6"]
[White "Lemery, Jon Thor"]
[Black "Steinthorsson, Birgir Logi"]
[Result "1-0"]
[WhiteElo "1495"]
[BlackElo "1045"]
[PlyCount "75"]
[EventDate "2016.03.08"]
[EventType "swiss"]
[EventRounds "10"]
[EventCountry "ISL"]
[SourceTitle "CBM 171 Extra"]
[Source "ChessBase"]
[SourceDate "2016.04.26"]
[SourceVersion "1"]
[SourceVersionDate "2016.04.26"]
[SourceQuality "1"]

1. e4 e6 2. d3 Nc6 3. g3 Bc5 4. Bg2 Nf6 5. f4 0-0 6. e5 Bb4+ 7. c3 Be7 8. exf6 Bxf6 9. Nf3 d5 10. 0-0 d4 11. c4 e5 12. fxe5 Nxe5 13. Nxe5 Bxe5 14. Be4 g6 15. Bh6 Bg7 16. Bxg7 Kxg7 17. Nd2 f5 18. Bg2 c5 19. Bd5 Qe7 20. Qf3 Qe3+ 21. Qxe3 dxe3 22. Nf3 e2 23. Rf2 Re8 24. Re1 Be6 25. Bxe6 Rxe6 26. Rexe2 Rxe2 27. Rxe2 Rd8 28. Re7+ Kf6 29. Rxb7 Rxd3 30. Kf2 h5 31. Rxa7 g5 32. Ra6+ Ke7 33. Ke2 Rd7 34. Nxg5 Kd8 35. Ra5 Rc7 36. Ne6+ Kd7 37. Nxc7 Kxc7 38. Rxc5+ 1-0

[Event "Reykjavik op"]
[Site "Reykjavik"]
[Date "2015.03.12"]
[Round "4"]
[White "Steingrimsson, Karl Egill"]
[Black "Lemery, Jon Thor"]
[Result "1-0"]
[WhiteElo "1720"]
[BlackElo "1273"]
[PlyCount "79"]
[EventDate "2015.03.10"]
[EventType "swiss"]
[EventRounds "10"]
[EventCountry "ISL"]
[SourceTitle "CBM 165 Extra"]
[Source "ChessBase"]
[SourceDate "2015.04.21"]
[SourceVersion "1"]
[SourceVersionDate "2015.04.21"]
[SourceQuality "1"]

1. Nf3 d5 2. d4 Nc6 3. Bf4 e6 4. e3 Bd6 5. Bxd6 Qxd6 6. c3 Bd7 7. Nbd2 f5 8. g3 Nf6 9. Bg2 h6 10. Qc2 Ne4 11. a3 g5 12. c4 b6 13. Nxe4 dxe4 14. Nd2 h5 15. Qc3 0-0-0 16. b4 h4 17. g4 h3 18. Bf1 Nb8 19. c5 bxc5 20. bxc5 Qc6 21. Nc4 Rhf8 22. Ne5 Qb7 23. Ng6 Rf7 24. gxf5 exf5 25. Bc4 Rg7 26. Ne5 f4 27. Ke2 Bb5 28. Rab1 Bxc4+ 29. Nxc4 Qa6 30. Rhd1 f3+ 31. Ke1 g4 32. d5 g3 33. Qxg7 gxf2+ 34. Kxf2 Qxc4 35. Qg4+ Nd7 36. Rb2 Qxc5 37. Rdb1 c6 38. Rb8+ Kc7 39. R1b7+ Kd6 40. Qe6# 1-0

[Event "Reykjavik op"]
[Site "Reykjavik"]
[Date "2015.03.11"]
[Round "2"]
[White "Lemery, Jon Thor"]
[Black "Heimisson, Hilmir Freyr"]
[Result "0-1"]
[WhiteElo "1273"]
[BlackElo "1861"]
[PlyCount "100"]
[EventDate "2015.03.10"]
[EventType "swiss"]
[EventRounds "10"]
[EventCountry "ISL"]
[SourceTitle "CBM 165 Extra"]
[Source "ChessBase"]
[SourceDate "2015.04.21"]
[SourceVersion "1"]
[SourceVersionDate "2015.04.21"]
[SourceQuality "1"]

1. e4 e6 2. d3 d5 3. Nd2 Nf6 4. e5 Nfd7 5. d4 c5 6. c3 Nc6 7. Nb3 b6 8. Be3 Bb7 9. f4 Be7 10. Nf3 Rc8 11. Be2 cxd4 12. Nbxd4 Nc5 13. 0-0 Ne4 14. Nd2 Bc5 15. Bb5 g6 16. Qc2 a6 17. Nxe4 dxe4 18. Bxc6+ Bxc6 19. Rad1 Qc7 20. a3 a5 21. Rfe1 Bd5 22. Qa4+ Kf8 23. b4 axb4 24. axb4 Bxd4 25. Bxd4 Kg7 26. Qc2 Ra8 27. Ra1 h5 28. Qf2 h4 29. h3 Qc6 30. Qe3 Ra4 31. f5 Rh5 32. f6+ Kh7 33. Rec1 b5 34. Qf2 Qa8 35. Qe1 e3 36. Bxe3 Bxg2 37. Rxa4 bxa4 38. Rc2 Bxh3 39. Qd1 Rxe5 40. Qd7 Kg8 41. Qd4 Rf5 42. Bf4 e5 43. Qe3 Rxf4 44. Qxh3 a3 45. Ra2 Qa7+ 46. Kh1 Qa8+ 47. Kg1 Rxf6 48. Qxh4 Rf5 49. Rh2 Rh5 50. Qe4 Qxe4 0-1